JoJo Stands Put Through a Bad Thesaurus - Statistics

General Stats
  • This quiz has been taken 1,823 times
  • The average score is 13 of 45
Answer Stats
Synonym-ed Version Real Stand Name % Correct
The Grip The Hand
73%
Lovemaking Firearm Sex Pistols
72%
Recluse Lavender Hermit Purple
58%
Pigpen Quests Rendered Mud Low-Priced Dirty Deeds Done Dirt Cheap
56%
Atrocious Community Bad Company
55%
Ghastly Serpent White Snake
45%
Interstate Toward Inferno Highway To Hell
43%
Low-Cost Hoax Cheap Trick
42%
Syrupy Digits Sticky Fingers
42%
Fellow Within the Relfector Man In The Mirror
41%
Sir CEO Mr. President
41%
Climate Rundown Weather Report
41%
Sultan Maroon King Crimson
34%
Pebble Handout Stone Free
34%
Executioner Regent Killer Queen
32%
Celebrity Silver Star Platinum
32%
Ivory Tusk
32%
Melancholy Boogie Moody Blues
31%
The Nature The World
31%
Greetings All Hey Ya!
30%
Olive Apostle Green Hierophant
29%
Casualty Baker's Dozen Death Thirteen
26%
Reiterations Echoes
25%
Lime Time Green Day
25%
Promised Land's Hatch Heaven's Door
25%
Ointment Cream
24%
Meager Paw Little Feet
24%
Alarming Freaks Scary Monsters
24%
Avenue Idol Highway Star
23%
Citadel of Drab Tower of Gray
23%
Bouncing Jerry Glimmer Jumpin' Jack Flash
20%
Globe Burster Ball Breaker
19%
Shady Cobalt Orb of Night Dark Blue Moon
19%
Obsidian Lord's Day Black Sabbath
18%
Yield Harvest
17%
Asylum Oasis
15%
Cardinal Tropical Cayenne Red Hot Chili Pepper
15%
Charring Earthward Condominium Burning Down The House
14%
Airspace Lofty Sky High
14%
Mineral-Infused Metallica
12%
Arrest The Band of Color Catch The Rainbow
11%
Pearly Cab Silver Chariot
10%
Disk of Inheritance Wheel of Fortune
8%
Sensational Flutter Super Fly
5%
Clout Strength
4%
No matching quizzes found
Score Distribution
Percent of People with Each Score
Percentile by Number Answered
Your Score History
You have not taken this quiz